000 01218nam a2200325 a 4500
001 000116080
003 CHAP
005 20220329144600.0
008 190904s2019 mx a |sm |||||||spa d
010 _a112541
011 _a113513
040 _cCHAP
090 _aTesis
100 1 _aZamarripa Contreras, Mariana Elizabeth.
_9136803
245 1 0 _aEvaluación de la tolerancia de sanidad en higo
_h[En línea]
_cpor Mariana Elizabeth Zamarripa Contreras.
260 _aChapingo, Méx. :
_bEl autor,
_c2019.
500 _aPara ver el contenido del material haga clic en la liga
502 _aTesis (M.C. en Ciencias en Recursos Naturales y Medio Ambiente en Zonas Aridas) -- UACH. Unidad Regional Universitaria de Zonas Áridas
590 _aE11695DGD
_b10
_c20190905
_lUCH01
_h0945
590 _aE6339RRR
_b05
_c20190904
_lUCH01
_h1500
590 _aE6339RRR
_b05
_c20190904
_lUCH01
_h1500
650 1 4 _aArboles frutales
_xElementos minerales
_96673
650 1 4 _aHigo
_xCrecimiento.
_9130274
650 1 4 _aPlantas
_xEfecto de la sal.
_988817
650 1 4 _aSuelos salinos.
_9110558
856 _aFinding aid
_uhttp://10.13.5.2/tesis/sist116080.pdf
_zTeclea aquí
901 _aBK
942 _cTESIS
942 _n0
999 _c112541
_d112541